Tribhuvan International Airport Destinations (Kathmandu, Nepal) - Statistics

General Stats
  • This quiz has been taken 107 times
    29 since last reset
  • The average score is 28 of 56
Answer Stats
Airline Destination % Correct
Air Arabia Abu Dhabi
96%
Thai AirAsia/Thai Lion Air Bangkok (Don Mueang)
96%
Nepal Airlines/Thai Airways International Bangkok (Suvarnabhumi)
96%
Air India/Bhutan Airlines/IndiGo/Nepal Airlines/SpiceJet Delhi
96%
Himalaya Airlines/Nepal Airlines/Qatar Airways Doha
96%
flydubai/Himalaya Airlines/Nepal Airlines Dubai (International)
96%
IndiGo/Nepal Airlines Mumbai
96%
Himalaya Airlines/Nepal Airlines Riyadh
96%
Korean Air Seoul (Incheon)
96%
Air India Express/Nepal Airlines Bengaluru
92%
SriLankan Airlines Colombo (Bandaranaike)
92%
Biman Bangladesh Airlines/Himalaya Airlines Dhaka
92%
Cathay Pacific/Nepal Airlines Hong Kong
92%
Turkish Airlines Istanbul
92%
Singapore Airlines Singapore
92%
Himalaya Airlines Beijing (Daxing)
88%
China Southern Airlines/Nepal Airlines Guangzhou
88%
Air India/Buddha Air Kolkata
88%
Batik Air Malaysia/Himalaya Airlines/Malaysia Airlines/Nepal Airlines Kuala Lumpur (International)
88%
Himalaya Airlines/Jazeera Airways/Kuwait Airways Kuwait City
88%
Himalaya Airlines Shanghai (Pudong)
88%
Air China/Sichuan Airlines Chengdu (Tianfu)
83%
Nepal Airlines Tokyo (Narita)
83%
Himalaya Airlines Chongqing
79%
SalamAir Muscat
75%
Himalaya Airlines Lhasa
67%
Himalaya Airlines/Nepal Airlines Dammam
63%
Bhutan Airlines/Drukair Paro
58%
Buddha Air/Guna Airlines/Shree Airlines/Sita Air/Yeti Airlines Pokhara (International)
54%
China Eastern Airlines Kunming
46%
Sita Air/Summit Air/Tara Air/Yeti Airlines Lukla
25%
Buddha Air/Guna Airlines Bharatpur
21%
Buddha Air/Saurya Airlines/Shree Airlines Dhangadhi
21%
Buddha Air/Guna Airlines/Saurya Airlines/Shree Airlines/Sita Air/Summit Air/Tara Air/Yeti Airlines Nepalgunj
21%
Himalaya Airlines Qingdao
21%
Buddha Air/Guna Airlines/Saurya Airlines/Shree Airlines/Sita Air/Yeti Airlines Bhadrapur
17%
Buddha Air/Guna Airlines/Shree Airlines/Yeti Airlines Janakpur
17%
Buddha Air Surkhet
17%
Buddha Air/Guna Airlines/Shree Airlines/Yeti Airlines Jitpursimara
13%
Buddha Air/Shree Airlines Rajbiraj
13%
Sita Air Ramechhap
13%
Buddha Air/Guna Airlines/Sita Air/Summit Air/Yeti Airlines Tumlingtar
13%
Guna Airlines Birendranagar
8%
Nepal Airlines Tulsipur
8%
Buddha Air/Guna Airlines/Saurya Airlines/Shree Airlines/Yeti Airlines Birantnagar
4%
Tara Air Lamidanda
4%
Nepal Airlines/Sita Air/Summit Air/Tara Air Phaplu
4%
Nepal Airlines/Tara Air Bhojpur
0%
Nepal Airlines/Tara Air Ilam
0%
Nepal Airlines/Tara Air Khanidanda
0%
Nepal Airlines Khotehang
0%
Nepal Airlines/Sita Air/Summit Air/Tara Air Phungling
0%
Nepal Airlines Rukum
0%
Nepal Airlines Rumjatar
0%
Air Arabia Shajah
0%
Buddha Air/Guna Airlines/Nepal Airlines/Saurya Airlines/Shree Airlines/Yeti Airlines Siddharthanagar
0%
No matching quizzes found
Score Distribution
Percent of People with Each Score
Percentile by Number Answered
Your Score History
You have not taken this quiz since the last reset